书目信息 |
| 题名: |
英汉·汉英高分子词汇
|
|
| 作者: | 黄葆同 主编 | |
| 分册: | ||
| 出版信息: | 北京 化学工业出版社 2007 |
|
| 页数: | 521页 | |
| 开本: | 22cm | |
| 丛书名: | ||
| 单 册: | ||
| 中图分类: | O63-61 | |
| 科图分类: | ||
| 主题词: | 高分子化学--词汇--英语--汉语 , 高分子化学 | |
| 电子资源: | ||
| ISBN: | 978-7-122-00044-6 | |
| 000 | 00999nam0 2200265 450 | |
| 001 | 003496115 | |
| 005 | 20140610104056.95 | |
| 010 | @a978-7-122-00044-6@b精装@dCNY48.00 | |
| 100 | @a20070327d2007 em y0chiy0110 ea | |
| 101 | 0 | @achi@aeng |
| 102 | @aCN@b110000 | |
| 105 | @ay e 000yy | |
| 106 | @ar | |
| 200 | 1 | @a英汉·汉英高分子词汇@9ying han · han ying gao fen zi ci hui@dEnglish-Chinese and Chinese-English dictionary of polymeric terms@f黄葆同主编@zeng |
| 205 | @a2版 | |
| 210 | @a北京@c化学工业出版社@d2007 | |
| 215 | @a521页@d22cm | |
| 330 | @a本书收载高分子化学、高分子物理、高分子加工技术及制品、天然高分子、生物高分子等检测技术以及有关学科的英汉、汉英双向对照词汇共47000条。 | |
| 510 | 1 | @aEnglish-Chinese and Chinese-English dictionary of polymeric terms@zeng |
| 606 | 0 | @a高分子化学@x词汇@x英语@x汉语 |
| 606 | 0 | @a高分子化学 |
| 690 | @aO63-61@v4 | |
| 701 | 0 | @a黄葆同@9huang bao tong@f(1921~)@4主编 |
| 801 | 0 | @aCN@bNLC@c20070815 |
| 905 | @b846073-75@dO63-61@e84=2@f3 | |
| 英汉·汉英高分子词汇=English-Chinese and Chinese-English dictionary of polymeric terms/黄葆同主编.-2版.-北京:化学工业出版社,2007 |
| 521页;22cm |
| ISBN 978-7-122-00044-6(精装):CNY48.00 |
| 本书收载高分子化学、高分子物理、高分子加工技术及制品、天然高分子、生物高分子等检测技术以及有关学科的英汉、汉英双向对照词汇共47000条。 |
| ● |
| 相关链接 |
|
|
|
|
正题名:英汉·汉英高分子词汇
索取号:O63-61/84=2
 
预约/预借
| 序号 | 登录号 | 条形码 | 馆藏地/架位号 | 状态 | 备注 |
| 1 | 846073 | 208460734 | 第二样本阅览室/ [索取号:O63-61/84=2] | 在馆 | |
| 2 | 846074 | 208460743 | 第三借阅区/ [索取号:O63-61/84=2] | 在馆 | |
| 3 | 846075 | 208460752 | 第三借阅区/ [索取号:O63-61/84=2] | 在馆 |